000 00816nas a2200265 4500
001 BR2013006733
003 BR-BrBNA
005 20231205122828.0
007 ta
008 230509b bl.|||p| |||| 00| 00por d
040 _aBR-BrBNA
_bpor
_cBiblioteca Nacional de Agricultura
041 _a(En)
072 _aH10
100 1 _aConstantino, P. de A.L.
100 1 _aMonteiro, R.F.
100 1 _aWilson, M.D.
245 1 _aGall midge attack intensity and host-plant response in a neotropical coastal ecosystem
650 _aINSETO
650 _aPLANTA HOSPEDEIRA
650 _aGALHA
650 _aPARASITISMO
773 0 _tRevista Brasileira de Entomologia (Brazil)
_xISSN 0085-5626
_g(Jul-Sep 2009), v. 53(3) p. 391-397
_wBR2013006733
909 _a202311
_bLúcia
_c55
_dLúcia Elande
942 _2AGRIS
_n0
_cANA
999 _c230803
_d230803